| 000 | 00366 a2200109 4500 | ||
|---|---|---|---|
| 001 | ART_42768 | ||
| 005 | 20260410161737.0 | ||
| 008 | 260409a | ||
| 245 | 1 | 0 | _aFinanciamiento y el desarrollo económico |
| 100 | 1 | _aWajchman, Mauricio | |
| 773 | 0 |
_tEjecutivos de finanzas _gFinanciamiento para el desarrollo - Año 13, Nº 134 (abr. 1997) _wREV2863 |
|
| 999 |
_c18414 _d18414 |
||